00421nam a2200181Ia 4500003000400000005001700004008004100021020001900062040000700081041000800088082001800096100002100114245003400135260002000169300000900189650002200198700001900220OSt20251212115757.0250729s2005 xx 000 0 und d a978-1446276143 cAL aeng a371.9104 DUBG aDubey Nath Mohan aGifted and talented education aNew Delhic2005 a184p aSpecial Education aRao Digumurthi